• 首页
  • 本馆介绍
  • 公告通知
  • 最新文献
  • 馆藏检索
  • 电子资源
  • 读者导购
  • 参考咨询
  • 我的图书馆
  • 登录
  • 详细信息显示
  • 放入我的书架
  • 预约/预借图书
  • 作者相关作品
  • 分类相关作品
  • 丛书相关作品
  • 出版社相关作品

书目信息

  • 表格格式
  • 工作单格式
  • 卡片格式
书名: Gregg transcription, series 90
作者: Louis A. Leslie, Charles E. Zoubek ; shorthand written by Charles Rader.
分册号:
分册名:
出版地: New York :
 
出版社: Gregg Division, McGraw-Hill
出版时间: c1979.
页数: 408 p. :
开本: 20 cm.
丛书名:
中图分类号:
科图分类号:
其他分类号: H026
主题词:
电子资源:
000 00885cam a2200265 i 450
001 E0732898579
005 20070728103838.42
008 770729s1979 nyua 001 0 eng
010    @a77011171
020    @a0070377405.
035    @A(DLC) 77011171
040    @aDLC@cDLC@dDLC
050 00 @aZ56@b.L6322 1979
082 00 @a653/.4270424@2 19
090    @aH026
099    @dH026@ex81
100 1  @aLeslie, Louis A.,@d1900-
245 00 @aGregg transcription, series 90 / @cLouis A. Leslie, Charles E. Zoubek ; shorthand written by Charles Rader.
260    @aNew York :@bGregg Division, McGraw-Hill,@cc1979.
300    @a408 p. :@bill. ;@c20 cm.
500    @aIncludes index.
650  0 @aShorthand@xGregg.
700 1  @aZoubek, Charles E.,@d1913-@ejoint author.
906    @a7@bcbc@corignew@d1@eocip@f19@gy-gencatlg
991    @bc-GenColl@hZ56@i.L6322 1979@p00020254920@tCopy 1@wBOOKS
    
    Gregg transcription, series 90 / / Louis A. Leslie, Charles E. Zoubek ; shorthand written by Charles Rader.-New York : : Gregg Division, McGraw-Hill, , c1979.
    408 p. : : ill. ; ; 20 cm.
    Includes index.
    
    ISBN 0070377405.
    
●
相关链接 在E读中查询图书 在五车中查询图书 在当当中查询图书 在豆瓣中查询图书


正题名:Gregg transcription, series 90     索取号:H026/x81         预约/预借

序号 登录号 条形码 馆藏地/架位号 状态 备注
1 0014408   300144083   密集书库/ [索取号:H026/x81] 在馆    
2 0014409   300144092   密集书库/ [索取号:H026/x81] 在馆    
3 6093   300060939   第二样本阅览室/ [索取号:H026/x81] 在馆    
唐山师范学院图书馆 欢迎您!
大连网信软件有限公司© 版权所有